Loading...
| Religion | 0 | 4 | 1 | 0 | 35 | 84 | 104.00 | 1 | 3 |
| Science - Biology | 0 | 3 | 0 | 0 | 30 | 84 | 102.33 | 0 | 0 |
| Fine Arts - Classical Music | 0 | 3 | 0 | 0 | 30 | 134 | 136.00 | 1 | 2 |
| Literature - European Literature | 0 | 2 | 0 | 0 | 20 | 94 | 112.50 | 1 | 2 |
| Science - Other Science | 0 | 2 | 0 | 0 | 20 | 22 | 72.00 | 1 | 1 |
| Fine Arts - Visual Fine Arts | 0 | 2 | 1 | 0 | 15 | 108 | 116.50 | 0 | 0 |
| Science - Chemistry | 0 | 2 | 1 | 0 | 15 | 89 | 95.50 | 0 | 2 |
| History - World History | 0 | 2 | 1 | 1 | 15 | 63 | 91.00 | 0 | 1 |
| Literature - World/Other Literature | 0 | 1 | 0 | 0 | 10 | 72 | 72.00 | 1 | 1 |
| History - Other History | 0 | 1 | 0 | 1 | 10 | 121 | 121.00 | 0 | 0 |
| Philosophy | 0 | 1 | 0 | 0 | 10 | 118 | 118.00 | 0 | 1 |
| Pop Culture | 0 | 1 | 0 | 0 | 10 | 142 | 142.00 | 0 | 0 |
| Mythology | 0 | 1 | 1 | 0 | 5 | 137 | 137.00 | 0 | 1 |
| Science - Physics | 0 | 1 | 1 | 0 | 5 | 100 | 100.00 | 0 | 0 |
| Literature - British Literature | 0 | 0 | 0 | 0 | 0 | 0.00 | 0 | 0 | |
| History - American History | 0 | 0 | 1 | 0 | -5 | 0.00 | 0 | 0 | |
| Social Science | 0 | 0 | 1 | 0 | -5 | 0.00 | 0 | 0 |